El placer de estudiar / (Record no. 186130)

MARC details
000 -LEADER
campo de control de longitud fija 00678nam a2200217 i 4500
001 - NÚMERO DE CONTROL
campo de control 186130
003 - IDENTIFICADOR DE NÚMERO DE CONTROL
campo de control ES-MaACL
005 - FECHA Y HORA DE LA ÚLTIMA TRANSACCIÓN
campo de control 20250909204129.0
008 - DATOS DE LONGITUD FIJA--INFORMACIÓN GENERAL
campo de control de longitud fija 160912s1983 ag d |||| | spa d
080 ## - NÚMERO DE LA CLASIFICACIÓN DECIMAL UNIVERSAL
Número de la Clasificación Decimal Universal 37.091.322.7
100 1# - ENTRADA PRINCIPAL--NOMBRE DE PERSONA
Nombre de persona Antognazza, Emilio Jorge.
9 (RLIN) 160797
245 13 - MENCIÓN DEL TÍTULO
Título El placer de estudiar /
Mención de responsabilidad, etc. Emilio Jorge Antognazza.
250 ## - MENCION DE EDICION
Mención de edición Libro de ed. argentina.
260 ## - PUBLICACIÓN, DISTRIBUCIÓN, ETC.
Lugar de publicación, distribución, etc. Buenos Aires :
Nombre del editor, distribuidor, etc. IPPEM,
Fecha de publicación, distribución, etc. [1983]
300 ## - DESCRIPCIÓN FÍSICA
Extensión 212 p. :
Otras características físicas gráf. ;
Dimensiones 22 cm.
504 ## - NOTA DE BIBLIOGRAFÍA, ETC.
Nota de bibliografía, etc. Bibliografía: p. 201-204.
650 04 - PUNTO DE ACCESO ADICIONAL DE MATERIA--TÉRMINO DE MATERIA
Término de materia o nombre geográfico como elemento de entrada Estudio-
Subdivisión general Métodos
9 (RLIN) 12576
852 ## - LOCALIZACIÓN
Ubicación ES-MaACL
Número de control de estantería A-13804
itemnumber 193182
Sublocalización o colección R.151115
Ubicación en estantería Depósito 1
Signatura antigua Olim: N-6804
942 ## - ELEMENTOS DE ENTRADA SECUNDARIOS (KOHA)
Fuente del sistema de clasificación o colocación Clasificación decimal universal
Tipo de ítem Koha Libro impreso
Holdings
Estatus retirado Estado de pérdida Fuente del sistema de clasificación o colocación Estado de daño No para préstamo Biblioteca de origen Biblioteca actual Ubicación en estantería Fecha de adquisición Fuente de adquisición Total de préstamos Signatura topográfica completa Código de barras Visto por última vez Precio de reemplazo Tipo de ítem Koha
    Clasificación decimal universal     Biblioteca del Ateneo de Madrid Biblioteca del Ateneo de Madrid Depósito 1 12/09/2016 Donación   A-13804 1196237 23/02/2023 23/02/2023 Libro impreso